| 000 | 00637nam a2200205Ia 4500 | ||
|---|---|---|---|
| 005 | 20220212103021.0 | ||
| 008 | 210716s2013 xx 000 0 und d | ||
| 020 | _a9789350043035 | ||
| 040 | _cAIMIT LIBRARY | ||
| 041 | _aeng | ||
| 082 |
_a658.001 _21st _bSINJ |
||
| 100 |
_aSingh, Jaswinder. _919500 |
||
| 245 |
_aManagerial economics / _cBy Jaswinder Singh. |
||
| 250 | _a1st ed. | ||
| 260 |
_aNew Delhi : _bDreamtech Press , _c2017 . |
||
| 300 |
_axxiv, 851p. ; _c26.5 cm. |
||
| 650 |
_aBusiness objectives of organizations _919501 |
||
| 650 |
_aUtility Analysis of Consumer Demand _919502 |
||
| 942 |
_2ddc _cBK _e1st _k658.001 SINJ |
||
| 999 |
_c207484 _d207484 |
||